Revista de la Universidad Nacional de Lomas de Zamora (Registro nro. 8875)

Detalles MARC
000 -LEADER
fixed length control field 00873nas a2200241 454500
001 - CONTROL NUMBER
control field 41031
005 - DATE AND TIME OF LATEST TRANSACTION
control field 20260407193510.0
008 - FIXED-LENGTH DATA ELEMENTS--GENERAL INFORMATION
fixed length control field 260407s1982####ag###########|||spa#d
003 - CONTROL NUMBER IDENTIFIER
control field AR-UNSa-BCEJYS
040 ## - CATALOGING SOURCE
Original cataloging agency AR-UNSa-BCEJYS
Language of cataloging spa
Transcribing agency AR-UNSa-BCEJYS
080 ## - UNIVERSAL DECIMAL CLASSIFICATION NUMBER
Universal Decimal Classification number 06.055
Common auxiliary subdivision Publicaciones, informes concernientes al trabajo de la organización
041 ## - LANGUAGE CODE
Language code of text/sound track or separate title spa
100 1# - MAIN ENTRY--PERSONAL NAME
Personal name Universidad Nacional de Lomas de Zamora
245 10 - TITLE STATEMENT
Title Revista de la Universidad Nacional de Lomas de Zamora
264 #1 - PRODUCTION, PUBLICATION, DISTRIBUTION, MANUFACTURE, AND COPYRIGHT NOTICE
Place of production, publication, distribution, manufacture Buenos Aires :
Name of producer, publisher, distributor, manufacturer Universidad Nacional de Lomas de Zamora
Date of production, publication, distribution, manufacture, or copyright notice 1982
310 ## - CURRENT PUBLICATION FREQUENCY
Current publication frequency Frecuencia: Irregular
590 ## - LOCAL NOTE (RLIN)
Local note niveau_biblio:s niveau_hierar:1
650 ## - SUBJECT ADDED ENTRY--TOPICAL TERM
Topical term or geographic name entry element Investigación
650 ## - SUBJECT ADDED ENTRY--TOPICAL TERM
Topical term or geographic name entry element Trabajo de investigación
650 ## - SUBJECT ADDED ENTRY--TOPICAL TERM
Topical term or geographic name entry element UNIVERSIDADES NACIONALES
856 41 - ELECTRONIC LOCATION AND ACCESS
Uniform Resource Identifier <a href="https://biblioeco.unsa.edu.ar/pmb/images/revistas/R20657.jpg">https://biblioeco.unsa.edu.ar/pmb/images/revistas/R20657.jpg</a>
Link text Imagen de portada
Electronic format type image/jpeg
942 ## - ADDED ENTRY ELEMENTS (KOHA)
Koha item type
Existencias
Withdrawn status Lost status Damaged status Not for loan Home library Current library Shelving location Date acquired Serial enumeration / chronology Total checkouts Full call number Barcode Date last seen Price effective from Koha item type
        Biblioteca Prof. Eusebio Cleto del Rey Biblioteca Prof. Eusebio Cleto del Rey   01/10/1983 Año II, Nº 2 - oct. 1983   H06.055 ZAM 2 R20659 10/04/2026 10/04/2026 Numero
        Biblioteca Prof. Eusebio Cleto del Rey Biblioteca Prof. Eusebio Cleto del Rey   01/03/1982 Año I, Nº 1 - mar. 1982   H06.055 ZAM 1 R20657 10/04/2026 10/04/2026 Numero